000 00645nam a2200181Ia 4500
008 100917s9999 xx 000 0 und d
082 _b31354
100 _aटोळ द. श्री. व आफळे अ.
245 _aलोकांचा राजा शाहू महाराज
260 _bअनंत प्रकाशन
_c1974
300 _a51
365 _b3
520 _aबालविभाग
630 _aलोकांचा राजा शाहू महाराज
650 _aबालविभाग
730 _aलोकांचा राजा शाहू महाराज
942 _cBOOK
999 _c636748
_d636745